[Event "HUN Team League Csongrad Region 2019–2"]
[Site "Csongrád County"]
[Date "2020.01.26"]
[Round "5.5"]
[White "Abraham, Zoltan"]
[Black "Restas, Peter"]
[Result "1-0"]
[WhiteElo "1825"]
[BlackElo "2122"]
[PlyCount "99"]
[EventDate "2019.09.29"]
[WhiteTeam "Vásárhely"]
[BlackTeam "Makó III."]

1. Nf3 c5 2. c4 g6 3. g3 Bg7 4. Bg2 Nc6 5. O-O d6 6. d3 e5 7. Nc3 Nge7 8. Bg5
f6 9. Bd2 O-O 10. Qc1 Nf5 11. e3 a6 12. Ne1 Rb8 13. Bd5+ Kh8 14. Ng2 Nfe7 15.
f4 Nb4 16. Ne1 Bh3 17. Bg2 Bxg2 18. Kxg2 exf4 19. gxf4 Qd7 20. a3 Nbc6 21. Qd1
d5 22. cxd5 Nxd5 23. Qf3 Nde7 24. Rc1 b6 25. h4 Na5 26. Rh1 Nb3 27. Rc2 Kg8 28.
Ne4 f5 29. Ng5 h6 30. Nh3 Nxd2 31. Rxd2 c4 32. Nf2 Rbd8 33. Nd1 cxd3 34. Nxd3
Qb5 35. N1f2 Rd7 36. Rhd1 Rfd8 37. Kg1 Nc6 38. a4 Qxa4 39. Nc5 Qxd1+ 40. Rxd1
Rxd1+ 41. Nxd1 bxc5 42. Nc3 Nb4 43. Na4 Nc2 44. Kf1 Rd3 45. Nxc5 Rxe3 46. Qd5+
Kh7 47. Qf7 Nd4 48. Nd7 Kh8 49. Nf6 Bxf6 50. Qxf6+ 1-0

[Event "HUN Team League Csongrad Region 2019–2"]
[Site "Csongrád County"]
[Date "2020.01.26"]
[Round "5.5"]
[White "Kopias, Ferenc"]
[Black "Markus, Molli Amina"]
[Result "0-1"]
[WhiteElo "1811"]
[BlackElo "1669"]
[PlyCount "72"]
[EventDate "2019.09.29"]
[WhiteTeam "Makó III."]
[BlackTeam "Vásárhely"]

1. c4 Nf6 2. Nc3 g6 3. g3 Bg7 4. Bg2 O-O 5. e4 d6 6. Nge2 e5 7. O-O Nc6 8. d3
Ne8 9. f4 f5 10. a3 a5 11. Rb1 Be6 12. Be3 Rb8 13. Qa4 Qd7 14. Rfd1 fxe4 15.
dxe4 exf4 16. Nxf4 Nf6 17. h3 Ne5 18. Nxe6 Qxe6 19. c5 dxc5 20. Bxc5 Rfd8 21.
Nd5 Nxd5 22. exd5 Qa6 23. Be7 Rd7 24. Bc5 b5 25. Qc2 Qf6 26. Bd4 Nf3+ 27. Bxf3
Qxf3 28. Bf2 Rf8 29. b4 axb4 30. Rb3 Qh5 31. Rxb4 Rdf7 32. Bc5 Rb8 33. Kh2 Be5
34. Rg1 Qf3 35. Qd1 Qc3 36. d6 Qxc5 0-1

[Event "HUN Team League Csongrad Region 2019–2"]
[Site "Csongrád County"]
[Date "2020.01.26"]
[Round "5.5"]
[White "Torok, Csaba"]
[Black "Csibor, Andras"]
[Result "1-0"]
[WhiteElo "1719"]
[BlackElo "1810"]
[PlyCount "79"]
[EventDate "2019.09.29"]
[WhiteTeam "Vásárhely"]
[BlackTeam "Makó III."]

1. e4 e6 2. d4 d5 3. Nc3 Nf6 4. e5 Nfd7 5. f4 c5 6. Nf3 cxd4 7. Nxd4 Nc6 8. Be3
a6 9. Qd2 Nxd4 10. Bxd4 Bc5 11. O-O-O Bxd4 12. Qxd4 Qb6 13. Qd2 Qc7 14. Bd3 Nc5
15. Rhe1 Nxd3+ 16. Qxd3 Bd7 17. Kb1 b5 18. Ne2 Qc4 19. Nd4 Qxd3 20. cxd3 Rc8
21. Rc1 Ke7 22. a3 Rxc1+ 23. Rxc1 Rc8 24. Rxc8 Bxc8 25. Kc2 Kd7 26. Kc3 Kc7 27.
Nf3 h6 28. Kd4 Kb6 29. b4 Bd7 30. g4 g6 31. h4 Be8 32. Nh2 Kc6 33. Nf1 Bd7 34.
Ne3 Bc8 35. h5 gxh5 36. gxh5 Bd7 37. Ng4 Be8 38. Nxh6 f5 39. exf6 Bxh5 40. f7
1-0

[Event "HUN Team League Csongrad Region 2019–2"]
[Site "Csongrád County"]
[Date "2020.01.26"]
[Round "5.5"]
[White "Kralik, Attila"]
[Black "Buzas, Andras"]
[Result "0-1"]
[WhiteElo "1704"]
[BlackElo "1713"]
[PlyCount "102"]
[EventDate "2019.09.29"]
[WhiteTeam "Makó III."]
[BlackTeam "Vásárhely"]

1. Nf3 c5 2. g3 b6 3. Bg2 Bb7 4. d3 g6 5. O-O Bg7 6. Nc3 Nf6 7. Rb1 O-O 8. e4
d6 9. h3 Nbd7 10. Be3 a6 11. Qd2 Re8 12. Nh4 b5 13. f4 b4 14. Ne2 e6 15. Nf3 a5
16. g4 Rc8 17. Nh2 h6 18. f5 g5 19. h4 Nh7 20. hxg5 Nxg5 21. Ng3 Be5 22. Nh5 f6
23. Nf3 c4 24. Nh4 c3 25. bxc3 Bxc3 26. Qe2 e5 27. Ng6 Nc5 28. Bh1 Rc7 29. Bxg5
hxg5 30. Bf3 Rh7 31. Kg2 Kf7 32. Rh1 Rg8 33. Rh3 Nd7 34. d4 Bxd4 35. Qc4+ d5
36. exd5 Nb6 37. Qd3 Bxd5 38. Re1 Bxf3+ 39. Rxf3 Qd5 40. Kg3 Rc8 41. Qa6 Qd6
42. Kh3 Rxc2 43. Rd1 Qc6 44. Kg3 Rc3 45. Rxc3 Qxc3+ 46. Rd3 Qe1+ 47. Kh3 Qh1+
48. Kg3 Qg1+ 49. Kh3 Rxh5+ 50. gxh5 g4+ 51. Kh4 Bf2+ 0-1

[Event "HUN Team League Csongrad Region 2019–2"]
[Site "Csongrád County"]
[Date "2020.01.26"]
[Round "5.5"]
[White "Bene, Zoltan"]
[Black "Vass, Szabolcs"]
[Result "1/2-1/2"]
[WhiteElo "1675"]
[BlackElo "1643"]
[PlyCount "120"]
[EventDate "2019.09.29"]
[WhiteTeam "Vásárhely"]
[BlackTeam "Makó III."]

1. e4 e5 2. Nf3 d6 3. Nc3 c6 4. d4 exd4 5. Nxd4 Nd7 6. Be2 Ngf6 7. O-O Be7 8.
Nf5 O-O 9. Nxd6 Ne5 10. Nxc8 Qxc8 11. Bg5 Rd8 12. Qc1 Qe6 13. Bxf6 Qxf6 14. Qe3
b6 15. Bd3 Bc5 16. Qe2 Ng6 17. Rad1 Re8 18. Qf3 Qxf3 19. gxf3 Re5 20. Ne2 Rg5+
21. Ng3 h5 22. Kh1 Nf4 23. h4 Re5 24. Kh2 Be7 25. Nf5 Bf6 26. Bc4 Rf8 27. Rd7
b5 28. Bb3 a5 29. a3 a4 30. Ba2 Rc5 31. c3 Ng6 32. Rg1 Ne5 33. Rd6 Nxf3+ 34.
Kg2 Nxg1 35. Kxg1 Rd8 36. Nh6+ Kf8 37. Rxd8+ Bxd8 38. Nxf7 Bxh4 39. f4 Be1 40.
Ne5 Rxe5 41. fxe5 h4 42. Kg2 Ke7 43. c4 Bg3 44. cxb5 cxb5 45. e6 Be5 46. b3
axb3 47. Bxb3 Bb2 48. a4 bxa4 49. Bxa4 Kxe6 50. Kh3 Bf6 51. Bc6 Ke5 52. Kg4 g5
53. Bb7 Kd4 54. Bc6 Ke3 55. e5 Be7 56. Bb7 Kd4 57. e6 Ke5 58. Bc8 Ke4 59. Bb7+
Ke5 60. Bc8 h3 1/2-1/2

[Event "HUN Team League Csongrad Region 2019–2"]
[Site "Csongrád County"]
[Date "2020.01.26"]
[Round "5.5"]
[White "Szekeres, Mihaly"]
[Black "Tokes, Janos"]
[Result "0-1"]
[WhiteElo "1688"]
[BlackElo "1700"]
[PlyCount "64"]
[EventDate "2019.09.29"]
[WhiteTeam "Makó III."]
[BlackTeam "Vásárhely"]

1. d4 d5 2. e3 Bf5 3. Bd3 Bxd3 4. Qxd3 Nf6 5. Qb5+ Qd7 6. Qxb7 c6 7. Qxa8 Qc7
8. Nf3 Nfd7 9. Ne5 Nb6 10. Qxb8+ Qxb8 11. Nxc6 Qc7 12. Ne5 f6 13. Nf3 Qxc2 14.
O-O e6 15. b3 Bd6 16. Na3 Qe2 17. Re1 Qa6 18. Nc2 Kd7 19. Bd2 Rc8 20. Nb4 Qb7
21. Red1 g5 22. h3 h5 23. Nh2 a5 24. Nd3 Qa6 25. Be1 Rc2 26. Nf1 Ke7 27. a3 Qb5
28. b4 a4 29. Nc5 Nc4 30. Ng3 Bxg3 31. fxg3 Nxe3 32. Rac1 Qf1+ 0-1

[Event "HUN Team League Csongrad Region 2019–2"]
[Site "Csongrád County"]
[Date "2020.01.26"]
[Round "5.5"]
[White "Csikos, Adam"]
[Black "Vizhanyo Gyomorei, Jozsef"]
[Result "1-0"]
[WhiteElo "1297"]
[BlackElo "1507"]
[PlyCount "80"]
[EventDate "2019.09.29"]
[WhiteTeam "Vásárhely"]
[BlackTeam "Makó III."]

1. e4 Nf6 2. e5 Nd5 3. Nc3 Nxc3 4. bxc3 e6 5. Nf3 d5 6. d4 c5 7. Be3 Qc7 8. Be2
h6 9. O-O c4 10. Ne1 b5 11. g4 g6 12. Ng2 a5 13. a3 Nc6 14. f4 Rb8 15. Qe1 b4
16. Bd2 bxa3 17. Bc1 Qb6 18. Qg3 Nxd4 19. cxd4 Qxd4+ 20. Be3 Qb2 21. Qf3 d4 22.
f5 exf5 23. Qc6+ Bd7 24. Qf6 Rh7 25. e6 Bxe6 26. Bxd4 Bc5 27. c3 Bxd4+ 28. Qxd4
Qxe2 29. gxf5 gxf5 30. Rfe1 Qd3 31. Qf6 Qd5 32. Rad1 Qc6 33. Nf4 a2 34. Nxe6
fxe6 35. Rxe6+ Qxe6 36. Qxe6+ Kf8 37. Qd6+ Re7 38. Qxb8+ Kf7 39. Qb2 Re3 40.
Qb7+ Kf6 1-0

[Event "HUN Team League Csongrad Region 2019–2"]
[Site "Csongrád County"]
[Date "2020.01.26"]
[Round "5.1"]
[White "Koszta, Benedek"]
[Black "Gera, Mihaly"]
[Result "1-0"]
[WhiteElo "2096"]
[BlackElo "1797"]
[PlyCount "71"]
[EventDate "2019.09.29"]
[WhiteTeam "Maróczy III."]
[BlackTeam "Üllés"]

1. e4 c5 2. Nf3 Nc6 3. Bb5 g6 4. O-O Bg7 5. Re1 a6 6. Bf1 Qc7 7. c3 d6 8. h3
Nf6 9. d4 e6 10. g3 O-O 11. Bg2 Bd7 12. Bg5 h6 13. Bc1 e5 14. dxc5 dxc5 15. Qc2
Be6 16. Be3 b6 17. Nbd2 Rfd8 18. Nh4 Qc8 19. Kh2 Nh5 20. Nf1 Qc7 21. b3 Qe7 22.
Rad1 Kh7 23. Nf5 Qf8 24. Nxg7 Qxg7 25. f4 Qf6 26. Qc1 Rxd1 27. Rxd1 Rd8 28.
Rxd8 Nxd8 29. fxe5 Qxe5 30. Bxh6 c4 31. b4 Nc6 32. Qd2 b5 33. Bf8 Ng7 34. Bd6
Qf6 35. Ne3 Qd8 36. Qd1 1-0